Các phương pháp phân tích hóa học nước biển

Gespeichert in:
Bibliographische Detailangaben
1. Verfasser: Đoàn Văn Bộ
Format: Buch
Sprache:Undetermined
Veröffentlicht: H. ĐHQG 2001
Schlagworte:
Tags: Tag hinzufügen
Keine Tags, Fügen Sie den ersten Tag hinzu!
Thư viện lưu trữ: Trung tâm Học liệu Trường Đại học Cần Thơ
LEADER 00499nam a2200181Ia 4500
001 CTU_57111
008 210402s9999 xx 000 0 und d
020 |b 12200 
082 |a 551.4601 
082 |b B450 
100 |a Đoàn Văn Bộ 
245 0 |a Các phương pháp phân tích hóa học nước biển 
245 0 |c Đoàn Văn Bộ 
260 |a H. 
260 |b ĐHQG 
260 |c 2001 
650 |a seawater 
980 |a Trung tâm Học liệu Trường Đại học Cần Thơ